00424nam a22000977a 4500008004100000082001800041245019600059260003700255300001000292710002400302230612b xxu||||| |||| 00| 0 eng d a352.4908bKEN aReport of The Controller and Auditor-General on The Appropriation Accounts, Other Public Accounts and the Accounts of the Funds of the Republic of Kenya for the 2008/2009cGovernment of Kenya aKenyabGovernment of Kenyac2009 a764 p bGovernment of Kenya